[Event "13. Open del Sants 2011"]
[Site "Barcelona ESP"]
[Date "2011.08.24"]
[Round "6.4"]
[White "Swiercz, Dariusz"]
[Black "Kunte, Abhijit"]
[Result "0-1"]
[WhiteElo "2553"]
[BlackElo "2528"]
[PlyCount "132"]
[EventDate "2011.08.19"]
[EventType "swiss"]
[EventRounds "10"]
[EventCountry "ESP"]
[Source "lmi"]
[SourceDate "2011.08.19"]

1. e4 e5 2. Nf3 Nc6 3. Bb5 a6 4. Ba4 Nf6 5. O-O Be7 6. d3 b5 7. Bb3 d6 8. a4 b4
9. a5 O-O 10. Nbd2 Be6 11. Bc4 Qc8 12. Re1 Rb8 13. b3 Nd7 14. Bb2 Bf6 15. h3
Nc5 16. Qe2 Re8 17. Qe3 Bxc4 18. Nxc4 Ne6 19. g3 Ned4 20. Bxd4 exd4 21. Qe2
Qxh3 22. Qf1 Qxf1+ 23. Kxf1 Rbd8 24. Kg2 h5 25. Nfd2 Kf8 26. f4 d5 27. exd5
Rxe1 28. Rxe1 Rxd5 29. Kf3 g6 30. Ra1 Be7 31. Re1 Rc5 32. Ra1 f5 33. Ke2 Bf6
34. Nf3 Kf7 35. Ra4 Rb5 36. Ra1 Rb8 37. Kf2 Re8 38. Ra4 Ke6 39. Ra2 Kd5 40. Ra4
Kc5 41. Ra2 Re6 42. Ra4 Ne7 43. Ra1 Nd5 44. Rh1 Ne3 45. Re1 Ng4+ 46. Kf1 Kd5
47. Rxe6 Kxe6 48. Ke2 c5 49. Ke1 Bd8 50. Ke2 Bc7 51. Kf1 Nf6 52. Kf2 Nd5 53.
Ng5+ Kd7 54. Nf3 Ne7 55. Kg2 Ke6 56. Ng5+ Kd7 57. Nf3 Nd5 58. Kf2 Ke7 59. Ke2
Ke6 60. Kf2 Bd8 61. Nce5 Ne3 62. Nc6 Ng4+ 63. Ke2 Bc7 64. Nh4 Kd7 65. Ne5+ Bxe5
66. fxe5 Nxe5 0-1

[Event "13. Open del Sants 2011"]
[Site "Barcelona ESP"]
[Date "2011.08.24"]
[Round "6.5"]
[White "Castellanos Rodriguez, Renier"]
[Black "Bacallao Alonso, Yusnel"]
[Result "1/2-1/2"]
[WhiteElo "2497"]
[BlackElo "2532"]
[PlyCount "30"]
[EventDate "2011.08.19"]
[EventType "swiss"]
[EventRounds "10"]
[EventCountry "ESP"]
[Source "lmi"]
[SourceDate "2011.08.19"]

1. e4 c6 2. d4 d5 3. exd5 cxd5 4. c4 Nf6 5. Nc3 Nc6 6. Bg5 Be6 7. a3 g6 8. Bxf6
exf6 9. g3 Qe7 10. c5 Bh6 11. Nge2 O-O 12. Bg2 Rad8 13. O-O Rfe8 14. b4 Bg4 15.
Ra2 Qe6 1/2-1/2

[Event "13. Open del Sants 2011"]
[Site "Barcelona ESP"]
[Date "2011.08.24"]
[Round "6.6"]
[White "Burg, Twan"]
[Black "Cordova, Emilio"]
[Result "0-1"]
[WhiteElo "2450"]
[BlackElo "2567"]
[PlyCount "80"]
[EventDate "2011.08.19"]
[EventType "swiss"]
[EventRounds "10"]
[EventCountry "ESP"]
[Source "lmi"]
[SourceDate "2011.08.19"]

1. e4 c5 2. Nf3 a6 3. c4 e6 4. d4 cxd4 5. Nxd4 Nf6 6. Nc3 Bb4 7. Bd2 Qc7 8. a3
Be7 9. Be3 d6 10. Be2 b6 11. Rc1 O-O 12. O-O Bb7 13. f3 Nbd7 14. b4 Rac8 15.
Qb3 Qb8 16. Rfd1 Kh8 17. Bf1 Rg8 18. Qa2 g5 19. h3 h5 20. Qd2 g4 21. hxg4 hxg4
22. Bg5 gxf3 23. Nxf3 Rg6 24. Qf4 Rcg8 25. Qh4+ Kg7 26. Bd3 Rh8 27. Qf4 Nh5 28.
Qe3 Bxg5 29. Nxg5 Ne5 30. Be2 Qd8 31. Nh3 Ng3 32. Nf4 Rh1+ 33. Kf2 Nf5 34. Rxh1
Nxe3 35. Nxg6 N3g4+ 36. Bxg4 Nxg4+ 37. Kg3 Qg5 38. Rh4 Ne5+ 39. Kh3 Nxg6 40.
Rd1 Qxh4# 0-1

[Event "13. Open del Sants 2011"]
[Site "Barcelona ESP"]
[Date "2011.08.24"]
[Round "6.7"]
[White "Leniart, Arkadiusz"]
[Black "Alvarez Pedraza, Aramis"]
[Result "0-1"]
[WhiteElo "2455"]
[BlackElo "2551"]
[PlyCount "94"]
[EventDate "2011.08.19"]
[EventType "swiss"]
[EventRounds "10"]
[EventCountry "ESP"]
[Source "lmi"]
[SourceDate "2011.08.19"]

1. Nf3 d5 2. d4 Nf6 3. c4 c6 4. Nc3 dxc4 5. a4 Bf5 6. Ne5 Nbd7 7. Nxc4 Nb6 8.
Ne3 e6 9. a5 Nbd5 10. Ncxd5 Nxd5 11. Nxf5 exf5 12. g3 Nb4 13. Bh3 Qxd4 14. Bxf5
Qxd1+ 15. Kxd1 g6 16. Bb1 O-O-O+ 17. Bd2 Bh6 18. f4 Bg7 19. Ra4 c5 20. e3 Bxb2
21. Ke2 Nc6 22. Be4 Kc7 23. Rb1 Bg7 24. Rb5 b6 25. axb6+ axb6 26. Ra6 Rb8 27.
Rb1 Rhe8 28. Bxc6 Kxc6 29. Ba5 Kd5 30. Rbxb6 Rxb6 31. Bxb6 Re6 32. Kf3 Bf6 33.
e4+ Kc4 34. e5 Bd8 35. Ra7 Bxb6 36. Rxf7 Kb3 37. Ke4 Kb4 38. g4 c4 39. f5 gxf5+
40. gxf5 Rc6 41. e6 c3 42. e7 c2 43. e8=Q c1=Q 44. Qe7+ Bc5 45. Qd7 Qe3+ 46.
Kd5 Rd6+ 47. Qxd6 Qd4+ 0-1

[Event "13. Open del Sants 2011"]
[Site "Barcelona ESP"]
[Date "2011.08.24"]
[Round "6.9"]
[White "Perez Mitjans, Orelvis"]
[Black "Marin, Mihail"]
[Result "1-0"]
[WhiteElo "2452"]
[BlackElo "2548"]
[PlyCount "83"]
[EventDate "2011.08.19"]
[EventType "swiss"]
[EventRounds "10"]
[EventCountry "ESP"]
[Source "lmi"]
[SourceDate "2011.08.19"]

1. e4 d6 2. d4 Nf6 3. f3 g6 4. Be3 Nbd7 5. Qd2 c6 6. c4 a6 7. Nc3 e5 8. O-O-O
Bg7 9. dxe5 dxe5 10. g4 Qe7 11. Nge2 h5 12. g5 Nh7 13. h4 O-O 14. Kb1 Re8 15.
Nc1 Nhf8 16. Nb3 Ne6 17. Na4 b5 18. Nc3 Ndf8 19. Qd6 Bb7 20. Qxe7 Rxe7 21. Bh3
f6 22. gxf6 Bxf6 23. Rd6 Kg7 24. Na5 Nf4 25. Nxb7 Rxb7 26. Rxc6 bxc4 27. Bc8
Rbb8 28. Bxa6 N8e6 29. Bxc4 Nd4 30. Rc7+ Kh8 31. Nd5 Nfe6 32. Rf7 Bg7 33. Rg1
Ra4 34. Bb3 Nxb3 35. axb3 Ra6 36. Rxg6 Rba8 37. Bh6 Kg8 38. Re7 Kh7 39. Rgxe6
Rxe6 40. Rxe6 Bxh6 41. Rxe5 Rf8 42. f4 1-0

[Event "13. Open del Sants 2011"]
[Site "Barcelona ESP"]
[Date "2011.08.24"]
[Round "6.10"]
[White "Narciso Dublan, Marc"]
[Black "Thipsay, Praveen M"]
[Result "1-0"]
[WhiteElo "2544"]
[BlackElo "2444"]
[PlyCount "69"]
[EventDate "2011.08.19"]
[EventType "swiss"]
[EventRounds "10"]
[EventCountry "ESP"]
[Source "lmi"]
[SourceDate "2011.08.19"]

1. e4 e5 2. Nf3 Nc6 3. d4 exd4 4. Nxd4 Nf6 5. Nxc6 bxc6 6. e5 Qe7 7. Qe2 Nd5 8.
c4 Nb6 9. Nc3 a5 10. Bd2 Ba6 11. b3 Qe6 12. Qe4 d5 13. exd6 cxd6 14. Be3 Qxe4
15. Nxe4 d5 16. Bxb6 dxe4 17. c5 Bxf1 18. Rxf1 Be7 19. Rd1 Bd8 20. Rd6 Bxb6 21.
cxb6 Ke7 22. Rxc6 Rac8 23. Rc4 Rxc4 24. bxc4 Kd6 25. Kd2 Kc6 26. Rb1 Rb8 27.
Ke3 f5 28. Kf4 g6 29. g4 fxg4 30. Kxe4 Kb7 31. Kd5 Rd8+ 32. Kc5 Rd2 33. Re1
Rxf2 34. Re7+ Kc8 35. Kc6 1-0

[Event "13. Open del Sants 2011"]
[Site "Barcelona ESP"]
[Date "2011.08.24"]
[Round "6.11"]
[White "Rojas Keim, Luis"]
[Black "Cuartas, Jaime Alexander"]
[Result "0-1"]
[WhiteElo "2438"]
[BlackElo "2542"]
[PlyCount "90"]
[EventDate "2011.08.19"]
[EventType "swiss"]
[EventRounds "10"]
[EventCountry "ESP"]
[Source "lmi"]
[SourceDate "2011.08.19"]

1. e4 c5 2. Nf3 e6 3. d3 Nc6 4. g3 d5 5. Qe2 Nf6 6. Bg2 Be7 7. O-O b6 8. e5 Nd7
9. c4 d4 10. Na3 Bb7 11. Nc2 g5 12. h3 h5 13. b4 g4 14. hxg4 hxg4 15. Nh2 Ndxe5
16. b5 Rxh2 17. Kxh2 Nf3+ 18. Bxf3 gxf3 19. Qxf3 Na5 20. Qh5 Bf6 21. Re1 Qe7
22. f3 O-O-O 23. Kg2 Nxc4 24. Bf4 Nb2 25. Nb4 Rh8 26. Qg4 Qd7 27. Rh1 Rf8 28.
Rh6 Be7 29. Rb1 Na4 30. Na6 Nc3 31. Nb8 Qd5 32. Re1 Qxa2+ 33. Kh3 Ne2 34. Nc6
Bxc6 35. bxc6 Nxf4+ 36. Qxf4 Qd5 37. Rh7 Bd6 38. Qf6 Qf5+ 39. Qxf5 exf5 40. g4
Kc7 41. gxf5 Kxc6 42. Rg1 b5 43. Rgg7 c4 44. Rxf7 Rxf7 45. Rxf7 c3 0-1

[Event "13. Open del Sants 2011"]
[Site "Barcelona ESP"]
[Date "2011.08.24"]
[Round "6.12"]
[White "Pogorelov, Ruslan"]
[Black "Aroshidze, Levan"]
[Result "0-1"]
[WhiteElo "2430"]
[BlackElo "2539"]
[PlyCount "100"]
[EventDate "2011.08.19"]
[EventType "swiss"]
[EventRounds "10"]
[EventCountry "ESP"]
[Source "lmi"]
[SourceDate "2011.08.19"]

1. d4 Nf6 2. c4 g6 3. Nc3 Bg7 4. e4 d6 5. Be2 O-O 6. Nf3 e5 7. Be3 Ng4 8. Bg5
f6 9. Bh4 g5 10. Bg3 Nh6 11. d5 Nd7 12. Nd2 f5 13. exf5 Nf6 14. Nde4 Nxe4 15.
Nxe4 Bxf5 16. Bd3 g4 17. O-O Bd7 18. c5 Qe7 19. Rc1 Rac8 20. Qb3 b6 21. cxd6
cxd6 22. Ba6 Rxc1 23. Rxc1 Bf5 24. Nd2 Nf7 25. Bd3 Nh6 26. Nf1 Bxd3 27. Qxd3
Nf5 28. Ne3 Nd4 29. Nxg4 h5 30. Re1 Qg5 31. Nxe5 dxe5 32. h4 Qf5 33. Qxf5 Rxf5
34. Kf1 Kf8 35. Rc1 Rf7 36. Rc8+ Ke7 37. Rc7+ Ke8 38. Rc8+ Kd7 39. Ra8 Kd6 40.
Rd8+ Rd7 41. Rxd7+ Kxd7 42. f3 Kd6 43. Bf2 Kxd5 44. g4 Nxf3 45. gxh5 Bh6 46.
Kg2 Nd4 47. Kg3 e4 48. Kg4 e3 49. Be1 Ke4 50. Bc3 e2 0-1

[Event "13. Open del Sants 2011"]
[Site "Barcelona ESP"]
[Date "2011.08.24"]
[Round "6.13"]
[White "Mirzoev, Azer"]
[Black "Handke, Florian"]
[Result "1/2-1/2"]
[WhiteElo "2415"]
[BlackElo "2518"]
[PlyCount "40"]
[EventDate "2011.08.19"]
[EventType "swiss"]
[EventRounds "10"]
[EventCountry "ESP"]
[Source "lmi"]
[SourceDate "2011.08.19"]

1. d4 d5 2. c4 e6 3. Nc3 Nf6 4. e3 a6 5. Bd2 c6 6. c5 e5 7. Nf3 e4 8. Ng1 g6 9.
Nge2 Bh6 10. Na4 Nbd7 11. Nc1 Nf8 12. Nb3 Ne6 13. Qc2 O-O 14. Na5 Qe7 15. h3
Nh5 16. O-O-O f5 17. g3 Bd7 18. Kb1 Be8 19. Be2 Nf6 20. a3 Bg7 1/2-1/2

[Event "13. Open del Sants 2011"]
[Site "Barcelona ESP"]
[Date "2011.08.24"]
[Round "6.14"]
[White "Panelo, Marcelo"]
[Black "Alonso Rosell, Alvar"]
[Result "0-1"]
[WhiteElo "2413"]
[BlackElo "2502"]
[PlyCount "152"]
[EventDate "2011.08.19"]
[EventType "swiss"]
[EventRounds "10"]
[EventCountry "ESP"]
[Source "lmi"]
[SourceDate "2011.08.19"]

1. d4 d5 2. c4 c6 3. Nf3 Nf6 4. e3 Bf5 5. cxd5 cxd5 6. Qb3 Qc7 7. Bd2 Nc6 8.
Bb5 e6 9. Bb4 Bd6 10. Qa3 Ne4 11. Bxc6+ Qxc6 12. Nbd2 O-O 13. Nxe4 Bxb4+ 14.
Qxb4 Bxe4 15. Ne5 Qc7 16. O-O Rac8 17. f3 Bf5 18. g4 Bg6 19. Rac1 Qxc1 20. Rxc1
Rxc1+ 21. Kg2 Rc7 22. Kg3 Rd8 23. h4 Bb1 24. Qe1 Bc2 25. g5 b6 26. h5 Kh8 27.
Kf4 f6 28. gxf6 gxf6 29. Ng4 Rf7 30. Qc3 Ba4 31. Nh6 Rg7 32. Ng4 Rf7 33. b3 Be8
34. Qb4 Kg7 35. Qc3 Rf8 36. Qc7+ Rd7 37. Qc6 Kf7 38. a4 Ke7 39. a5 Bxh5 40.
axb6 axb6 41. Nh6 Rb8 42. Qc3 Bg6 43. Qb4+ Rd6 44. Qa3 Rbd8 45. Qb4 Kf8 46. Qe1
Kg7 47. Qh4 Rf8 48. Ng4 Rc6 49. Qh6+ Kg8 50. Qh4 Rc7 51. b4 h5 52. Nf2 Rc4 53.
Kg3 e5 54. b5 Kf7 55. Qh3 Ke7 56. Qh4 Rg8 57. Kh2 Ke6 58. e4 dxe4 59. dxe5 fxe5
60. fxe4 Rf8 61. Qh3+ Kf6 62. Qg3 Rf7 63. Qd3 Rd4 64. Qg3 Rc7 65. Kh3 Rcc4 66.
Qf3+ Kg7 67. Qg3 Kf6 68. Qf3+ Ke6 69. Qf8 Bxe4 70. Qe8+ Kd5 71. Qd7+ Kc5 72.
Qc7+ Kxb5 73. Qxe5+ Ka6 74. Qxh5 Rc3+ 75. Kh2 Rd2 76. Qf7 Rxf2+ 0-1

[Event "13. Open del Sants 2011"]
[Site "Barcelona ESP"]
[Date "2011.08.24"]
[Round "6.15"]
[White "Delgado Ramos, Hector"]
[Black "Rios, Cristhian Camilo"]
[Result "1/2-1/2"]
[WhiteElo "2488"]
[BlackElo "2424"]
[PlyCount "80"]
[EventDate "2011.08.19"]
[EventType "swiss"]
[EventRounds "10"]
[EventCountry "ESP"]
[Source "lmi"]
[SourceDate "2011.08.19"]

1. d4 Nf6 2. Nf3 e6 3. Bg5 h6 4. Bh4 b6 5. e3 Bb7 6. Nbd2 Be7 7. c3 Ne4 8. Bg3
d6 9. Bd3 Nxg3 10. hxg3 Nd7 11. Qe2 c5 12. a4 cxd4 13. exd4 Bf6 14. Ne4 Bxe4
15. Bxe4 Rc8 16. g4 g6 17. g3 Qe7 18. Kf1 Kf8 19. Kg2 d5 20. Bd3 e5 21. dxe5
Nxe5 22. Nxe5 Qxe5 23. Qf3 Kg7 24. a5 d4 25. axb6 axb6 26. c4 Qc7 27. Ra6 Rhe8
28. Be4 d3 29. Bd5 d2 30. Rd1 Bxb2 31. Rxd2 Bf6 32. Rd1 Re7 33. Rh1 Qd6 34. Qd3
Qc5 35. Qd2 g5 36. Qd3 Rd8 37. Qf3 Rd6 38. Rb1 Bd4 39. Rb5 Rf6 40. Rxc5 Rxf3
1/2-1/2

[Event "13. Open del Sants 2011"]
[Site "Barcelona ESP"]
[Date "2011.08.24"]
[Round "6.16"]
[White "Lauber, Arnd"]
[Black "Peek, Marcel"]
[Result "1/2-1/2"]
[WhiteElo "2478"]
[BlackElo "2338"]
[PlyCount "80"]
[EventDate "2011.08.19"]
[EventType "swiss"]
[EventRounds "10"]
[EventCountry "ESP"]
[Source "lmi"]
[SourceDate "2011.08.19"]

1. d4 Nf6 2. c4 g6 3. Nc3 d5 4. cxd5 Nxd5 5. Bd2 Nb6 6. Bg5 Bg7 7. e3 c5 8.
dxc5 Bxc3+ 9. bxc3 Qxd1+ 10. Rxd1 N6d7 11. Bb5 Nc6 12. Rd5 f6 13. Bh4 Nde5 14.
Ne2 Be6 15. Rd2 Bc4 16. Nd4 Bxb5 17. Nxb5 Rc8 18. Bg3 a6 19. Nd4 Nc4 20. Rc2
Nd8 21. Ke2 Rxc5 22. Rd1 Rc8 23. f4 Nd6 24. Kf3 f5 25. Bh4 N8f7 26. g4 e5 27.
fxe5 Nxe5+ 28. Kf4 Nxg4 29. Rcd2 O-O 30. Be7 Nc4 31. Bxf8 Nxd2 32. Rxd2 Kxf8
33. e4 Nh6 34. exf5 Nxf5 35. Nxf5 gxf5 36. Rd7 b5 37. Ra7 Rxc3 38. Rxa6 Rh3 39.
Rb6 Rxh2 40. Rxb5 Rxa2 1/2-1/2

[Event "13. Open del Sants 2011"]
[Site "Barcelona ESP"]
[Date "2011.08.24"]
[Round "6.17"]
[White "Ryan, Joseph"]
[Black "Anton Guijarro, David"]
[Result "1/2-1/2"]
[WhiteElo "2267"]
[BlackElo "2473"]
[PlyCount "93"]
[EventDate "2011.08.19"]
[EventType "swiss"]
[EventRounds "10"]
[EventCountry "ESP"]
[Source "lmi"]
[SourceDate "2011.08.19"]

1. e4 c5 2. Nc3 e6 3. Nf3 a6 4. g3 Ne7 5. d4 cxd4 6. Nxd4 Nec6 7. Bg2 Nxd4 8.
Qxd4 Nc6 9. Qd1 Be7 10. O-O O-O 11. a4 d6 12. Be3 Qa5 13. Ne2 Rd8 14. Nd4 Nxd4
15. Qxd4 Bd7 16. Qb6 Qxb6 17. Bxb6 Rdc8 18. c3 a5 19. e5 d5 20. Rfd1 Bc5 21.
Bxc5 Rxc5 22. Bf1 f6 23. Re1 Kf7 24. f4 h6 25. Bd3 Rd8 26. Kf2 Rc6 27. Ke3 Rb6
28. Re2 d4+ 29. cxd4 Rb4 30. Bc2 Bc6 31. Rd2 fxe5 32. fxe5 Ke7 33. Rf1 Rxb2 34.
Bg6 Rb3+ 35. Rd3 Rxd3+ 36. Kxd3 Rf8 37. Rxf8 Kxf8 38. Be4 Bxa4 39. Bxb7 Bb5+
40. Kc3 Ke7 41. h4 Kd7 42. Kb3 Kc7 43. Bf3 Bc6 44. Be2 Bd5+ 45. Ka4 Kb6 46. Bg4
Bc4 47. Bh3 1/2-1/2

[Event "13. Open del Sants 2011"]
[Site "Barcelona ESP"]
[Date "2011.08.24"]
[Round "6.18"]
[White "Jimenez Fraga, Pedro Alejandro"]
[Black "Martinez, Romero Martin"]
[Result "1-0"]
[WhiteElo "2464"]
[BlackElo "2235"]
[PlyCount "71"]
[EventDate "2011.08.19"]
[EventType "swiss"]
[EventRounds "10"]
[EventCountry "ESP"]
[Source "lmi"]
[SourceDate "2011.08.19"]

1. d4 d6 2. Nf3 g6 3. e4 Bg7 4. Nc3 Nf6 5. Be3 c6 6. Qd2 b5 7. Bd3 Nbd7 8. a4
b4 9. Ne2 a5 10. Bh6 Bxh6 11. Qxh6 e5 12. O-O Qe7 13. h3 Qf8 14. Qe3 Qe7 15.
Nd2 Bb7 16. f4 exd4 17. Nxd4 c5 18. Nb5 O-O 19. Nc4 d5 20. exd5 Nxd5 21. Qxe7
Nxe7 22. Nc7 Rac8 23. Rfe1 Nd5 24. Nxd5 Bxd5 25. Nxa5 c4 26. Be4 Nf6 27. Bxd5
Nxd5 28. Rad1 Nb6 29. b3 cxb3 30. cxb3 Rc5 31. Re5 Rc2 32. Re7 Rfc8 33. Re4
R8c5 34. Nb7 Rc8 35. Na5 R8c5 36. Rxb4 1-0

[Event "13. Open del Sants 2011"]
[Site "Barcelona ESP"]
[Date "2011.08.24"]
[Round "6.19"]
[White "Trepat Herranz, Joan"]
[Black "Smeets, Jan"]
[Result "0-1"]
[WhiteElo "2352"]
[BlackElo "2628"]
[PlyCount "60"]
[EventDate "2011.08.19"]
[EventType "swiss"]
[EventRounds "10"]
[EventCountry "ESP"]
[Source "lmi"]
[SourceDate "2011.08.19"]

1. d4 Nf6 2. c4 e6 3. g3 d5 4. Nf3 dxc4 5. Bg2 a6 6. O-O Nc6 7. Nc3 Rb8 8. e4
Be7 9. Qe2 b5 10. Rd1 O-O 11. d5 exd5 12. e5 d4 13. exf6 Bxf6 14. Ne4 Bb7 15.
Bf4 Be7 16. Be3 d3 17. Qd2 Re8 18. Rac1 Qd5 19. Nc3 Qh5 20. b3 Rbd8 21. bxc4
Na5 22. Nxb5 axb5 23. Qxa5 Bxf3 24. Bxf3 Qxf3 25. cxb5 Bf6 26. Qd2 h5 27. Rc4
h4 28. gxh4 Rd6 29. Re1 Bxh4 30. Bf4 Re2 0-1

[Event "13. Open del Sants 2011"]
[Site "Barcelona ESP"]
[Date "2011.08.25"]
[Round "7.1"]
[White "Arribas Lopez, Angel"]
[Black "Sadler, Matthew D"]
[Result "0-1"]
[WhiteElo "2443"]
[BlackElo "2625"]
[PlyCount "118"]
[EventDate "2011.08.19"]
[EventType "swiss"]
[EventRounds "10"]
[EventCountry "ESP"]
[Source "lmi"]
[SourceDate "2011.08.19"]

1. e4 g6 2. d4 Bg7 3. Nc3 c6 4. Be3 d5 5. f3 Qb6 6. Rb1 e5 7. Nge2 Nf6 8. Qd2
exd4 9. Bxd4 Qd8 10. exd5 O-O 11. Nf4 cxd5 12. Nfxd5 Nc6 13. Bxf6 Bxf6 14.
Nxf6+ Qxf6 15. Ne4 Qe5 16. Qd6 Qa5+ 17. Kf2 Bf5 18. Qa3 Qxa3 19. bxa3 Bxe4 20.
fxe4 b6 21. Bc4 Rac8 22. Rhd1 Na5 23. Bd3 Rc3 24. Rb3 Nxb3 25. axb3 Rd8 26. a4
Kf8 27. Ke3 Ke7 28. Ra1 a5 29. Rb1 Rc5 30. Rf1 Rh5 31. h3 Rg5 32. Rf2 Rd6 33.
Bc4 Rf6 34. Rd2 h5 35. c3 h4 36. Rf2 Rc6 37. Kd4 Rcc5 38. Re2 Rg3 39. Rf2 f6
40. Rb2 Rcg5 41. Bf1 Rc5 42. Bc4 Rcg5 43. Bf1 f5 44. e5 f4 45. Rf2 Rf5 46. Be2
Re3 47. Bd3 Rfxe5 48. Rxf4 g5 49. Re4 R3xe4+ 50. Bxe4 Kd6 51. Bf3 Re1 52. Kc4
Rc1 53. Kd4 Rc2 54. Ba8 Rf2 55. Bf3 g4 56. Bxg4 Rxg2 57. Bc8 Rg8 58. Bf5 Rg5
59. Bc8 Rd5+ 0-1

[Event "13. Open del Sants 2011"]
[Site "Barcelona ESP"]
[Date "2011.08.25"]
[Round "7.2"]
[White "Kunte, Abhijit"]
[Black "Iturrizaga, Eduardo"]
[Result "1/2-1/2"]
[WhiteElo "2528"]
[BlackElo "2603"]
[PlyCount "24"]
[EventDate "2011.08.19"]
[EventType "swiss"]
[EventRounds "10"]
[EventCountry "ESP"]
[Source "lmi"]
[SourceDate "2011.08.19"]

1. d4 Nf6 2. c4 e6 3. Nf3 b6 4. g3 Bb7 5. Bg2 Be7 6. O-O O-O 7. Re1 c5 8. d5
exd5 9. Nh4 Ne4 10. cxd5 Bxh4 11. Bxe4 Bf6 12. Nc3 d6 1/2-1/2

[Event "13. Open del Sants 2011"]
[Site "Barcelona ESP"]
[Date "2011.08.25"]
[Round "7.3"]
[White "Kovalyov, Anton"]
[Black "Bacallao Alonso, Yusnel"]
[Result "1-0"]
[WhiteElo "2612"]
[BlackElo "2532"]
[PlyCount "61"]
[EventDate "2011.08.19"]
[EventType "swiss"]
[EventRounds "10"]
[EventCountry "ESP"]
[Source "lmi"]
[SourceDate "2011.08.19"]

1. Nf3 Nf6 2. c4 g6 3. Nc3 d5 4. Qa4+ Bd7 5. Qb3 dxc4 6. Qxc4 Bg7 7. e4 O-O 8.
e5 Ng4 9. d4 c5 10. Qxc5 Nc6 11. h3 Nh6 12. d5 b6 13. Qa3 Na5 14. b4 Nb7 15.
Ba6 Bc8 16. O-O f6 17. Re1 Nf7 18. e6 Ne5 19. Nd4 Nd6 20. Bf1 Bb7 21. Qb3 Rc8
22. b5 f5 23. Nc6 Bxc6 24. dxc6 Ne4 25. Nxe4 fxe4 26. Bb2 Qd2 27. Re2 Qg5 28.
Qg3 Qh5 29. Rb1 Rf5 30. Rxe4 Rg5 31. Be2 1-0

[Event "13. Open del Sants 2011"]
[Site "Barcelona ESP"]
[Date "2011.08.25"]
[Round "7.4"]
[White "Cordova, Emilio"]
[Black "Gonzalez Garcia, Jose"]
[Result "1/2-1/2"]
[WhiteElo "2567"]
[BlackElo "2522"]
[PlyCount "72"]
[EventDate "2011.08.19"]
[EventType "swiss"]
[EventRounds "10"]
[EventCountry "ESP"]
[Source "lmi"]
[SourceDate "2011.08.19"]

1. c4 Nf6 2. Nf3 e6 3. g3 d5 4. Bg2 Be7 5. O-O O-O 6. d4 dxc4 7. Na3 Bxa3 8.
bxa3 Bd7 9. Qc2 Bc6 10. Qxc4 Nbd7 11. Bg5 h6 12. Bxf6 Qxf6 13. Rfc1 Rfd8 14.
Qc3 Rac8 15. Qa5 b6 16. Qxa7 Bxf3 17. Bxf3 Qxd4 18. Bb7 Rb8 19. Bg2 Rbc8 20.
Bb7 Rb8 21. Bg2 Rbc8 22. Rd1 Qe5 23. Bb7 Rb8 24. Rac1 Nc5 25. Bf3 Rbc8 26.
Rxd8+ Rxd8 27. a4 Qb2 28. Rf1 Qb4 29. Qxc7 Rf8 30. Qd6 Qa5 31. Rc1 Nxa4 32. Rc7
Nc3 33. Qd2 Nxa2 34. Qxa5 bxa5 35. Ra7 Nb4 36. Rxa5 Rc8 1/2-1/2

[Event "13. Open del Sants 2011"]
[Site "Barcelona ESP"]
[Date "2011.08.25"]
[Round "7.5"]
[White "Alvarez Pedraza, Aramis"]
[Black "Castellanos Rodriguez, Renier"]
[Result "1-0"]
[WhiteElo "2551"]
[BlackElo "2497"]
[PlyCount "95"]
[EventDate "2011.08.19"]
[EventType "swiss"]
[EventRounds "10"]
[EventCountry "ESP"]
[Source "lmi"]
[SourceDate "2011.08.19"]

1. d4 Nf6 2. c4 g6 3. Nc3 Bg7 4. e4 d6 5. Be2 O-O 6. Nf3 e5 7. O-O Nc6 8. d5
Ne7 9. Ne1 Nd7 10. Be3 f5 11. f3 f4 12. Bf2 g5 13. g4 h5 14. h3 Ng6 15. Nd3 Rf7
16. c5 Bf8 17. c6 Nf6 18. cxb7 Bxb7 19. Nb4 a6 20. Nc6 Qe8 21. Na7 Qb8 22. Nc6
Qe8 23. b4 Bc8 24. b5 a5 25. b6 cxb6 26. Bb5 hxg4 27. hxg4 Ba6 28. Bxa6 Rxa6
29. Qd3 Ra8 30. Na4 Nd7 31. Nxb6 Nxb6 32. Bxb6 Rh7 33. Kg2 Nh4+ 34. Kf2 a4 35.
Ke2 Rb7 36. Rab1 a3 37. Rb3 Rh7 38. Bf2 Ng6 39. Qb1 Qc8 40. Rc1 Qe8 41. Rb7 Rh2
42. Rh1 Rg2 43. Rhh7 Nh4 44. Rbc7 Qg6 45. Qb7 Re8 46. Ne7+ Rxe7 47. Rhxe7 Rxg4
48. Rf7 1-0

[Event "13. Open del Sants 2011"]
[Site "Barcelona ESP"]
[Date "2011.08.25"]
[Round "7.6"]
[White "Alonso Rosell, Alvar"]
[Black "Narciso Dublan, Marc"]
[Result "0-1"]
[WhiteElo "2502"]
[BlackElo "2544"]
[PlyCount "89"]
[EventDate "2011.08.19"]
[EventType "swiss"]
[EventRounds "10"]
[EventCountry "ESP"]
[Source "lmi"]
[SourceDate "2011.08.19"]

1. d4 e6 2. Nf3 Nf6 3. c4 b6 4. Nc3 Bb7 5. Bg5 Be7 6. e3 h6 7. Bh4 Ne4 8. Bxe7
Qxe7 9. Nxe4 Bxe4 10. Be2 O-O 11. O-O d6 12. Rc1 c5 13. Nd2 Bb7 14. Nb1 Nd7 15.
Nc3 Nf6 16. d5 exd5 17. cxd5 Ne4 18. Nxe4 Qxe4 19. Bf3 Qe5 20. Qd2 a5 21. g3 b5
22. Bg2 f5 23. Rfe1 b4 24. a3 Bc8 25. a4 Bd7 26. b3 Be8 27. Rc4 Bg6 28. g4 fxg4
29. Rxg4 Qf5 30. Rg3 Qc2 31. Re2 Qxd2 32. Rxd2 Kh7 33. Bf1 Rae8 34. Bc4 Be4 35.
Kf1 Re5 36. Rg4 g6 37. Bd3 Bf5 38. Bxf5 Rfxf5 39. e4 Rf3 40. Re2 Rxb3 41. f4
Re8 42. Rg3 Rb1+ 43. Kf2 Rd1 44. Rf3 Rd4 45. Ke1 0-1

[Event "13. Open del Sants 2011"]
[Site "Barcelona ESP"]
[Date "2011.08.25"]
[Round "7.8"]
[White "Aroshidze, Levan"]
[Black "Perez Mitjans, Orelvis"]
[Result "1-0"]
[WhiteElo "2539"]
[BlackElo "2452"]
[PlyCount "122"]
[EventDate "2011.08.19"]
[EventType "swiss"]
[EventRounds "10"]
[EventCountry "ESP"]
[Source "lmi"]
[SourceDate "2011.08.19"]

1. e4 e6 2. d4 d5 3. Nc3 Bb4 4. e5 c5 5. a3 Bxc3+ 6. bxc3 Qc7 7. Nf3 Nc6 8. Bd3
c4 9. Be2 f6 10. Bf4 Qf7 11. exf6 Nxf6 12. Ne5 Nxe5 13. Bxe5 O-O 14. O-O Bd7
15. f3 Ba4 16. Rb1 Qe7 17. Qd2 b5 18. Ra1 a5 19. Rfe1 Nd7 20. Bg3 Nb8 21. f4
Nc6 22. Bg4 e5 23. dxe5 Rfd8 24. Qf2 Qa7 25. Rad1 b4 26. axb4 Bxc2 27. Rxd5
Qxf2+ 28. Bxf2 axb4 29. cxb4 Bd3 30. b5 Ne7 31. Rxd8+ Rxd8 32. b6 c3 33. b7 Nc6
34. Bf3 Bb5 35. Rc1 Rb8 36. Rxc3 Rxb7 37. Bxc6 Bxc6 38. Rxc6 Rb1+ 39. Be1 Rxe1+
40. Kf2 Re4 41. Kf3 Re1 42. Rc2 Kf7 43. Kg4 Ra1 44. h4 Ra7 45. h5 Rb7 46. Kf5
Ra7 47. g4 Rb7 48. Rc6 Ra7 49. h6 g6+ 50. Kg5 Re7 51. Rc5 Ra7 52. f5 gxf5 53.
gxf5 Rb7 54. Rc8 Rb1 55. Rc7+ Kg8 56. e6 Rb8 57. f6 Kh8 58. Kf5 Rf8 59. Ke5 Re8
60. Kd6 Rf8 61. e7 Ra8 1-0

[Event "13. Open del Sants 2011"]
[Site "Barcelona ESP"]
[Date "2011.08.25"]
[Round "7.9"]
[White "Neelotpal, Das"]
[Black "Swiercz, Dariusz"]
[Result "1/2-1/2"]
[WhiteElo "2453"]
[BlackElo "2553"]
[PlyCount "43"]
[EventDate "2011.08.19"]
[EventType "swiss"]
[EventRounds "10"]
[EventCountry "ESP"]
[Source "lmi"]
[SourceDate "2011.08.19"]

1. d4 Nf6 2. c4 e6 3. Nf3 d5 4. Nc3 Nbd7 5. g3 Be7 6. Bg2 O-O 7. Qd3 c6 8. O-O
b6 9. b3 Ba6 10. Rd1 c5 11. a4 Qc8 12. Nb5 Bb7 13. cxd5 Bxd5 14. Bf4 Qb7 15.
Bd6 Rae8 16. a5 bxa5 17. Bxe7 Rxe7 18. Rxa5 Qb6 19. Rda1 cxd4 20. Qxd4 Bxb3 21.
Nxa7 Bd5 22. Qxb6 1/2-1/2